000 00662nam a22001937a 4500
005 20251108172949.0
008 250721s2003 xx 000 0 ara d
082 1 4 _a415/حيا
100 1 _aالحيادرة، مصطفى طاهر
245 1 0 _aمن قضايا المصطلح اللغوي العربي : نظرة في البناء و التوحيد و الإستقرار /
264 1 _aاربد :
_bعالم الكتب الحديث،
_c2003.
300 _a199ص.
490 0 _aالكتاب الأول
650 1 7 _aقواعد اللغة
650 1 7 _aاللغة العربية
650 1 7 _aعلم المصطلح
942 _2ddc
_cBK
999 _c92902
_d92902